The wildlife original collection, 1980-'81 /

Bibliographic Details
Corporate Author: Wild Wings (Firm : Lake City, Minn.)
Format: Book
Language:English
Published: Lake City, Minn. : The Firm, [1980]
Subjects:

MARC

Tag First Indicator Second Indicator Subfields
LEADER 00000cam a2200000Ia 4500
001 in00002401034
005 20151109103138.0
008 821025s1980 mnuac c 000 0deng d
035 |a (OCoLC)ocm08887741 
035 |a (OCoLC)8887741 
040 |a MHS  |c MHS  |d OCL  |d TXA  |d UtOrBLW 
049 |a TXAM 
052 |a 4144  |b L2 
090 |a N7665  |b .W542 1980 
110 2 |a Wild Wings (Firm : Lake City, Minn.) 
245 1 4 |a The wildlife original collection, 1980-'81 /  |c Wild Wings. 
264 1 |a Lake City, Minn. :  |b The Firm,  |c [1980] 
264 4 |c ©1980 
300 |a 32 pages :  |b illustrations, portraits ;  |c 25 cm. 
336 |a text  |b txt  |2 rdacontent 
337 |a unmediated  |b n  |2 rdamedia 
338 |a volume  |b nc  |2 rdacarrier 
500 |a Cover title. 
650 0 |a Game and game-birds. 
650 0 |a Upland game birds in art  |v Catalogs. 
650 0 |a Waterfowl in art  |v Catalogs. 
650 0 |a Hunting in art  |v Catalogs. 
650 0 |a Artists  |v Biography. 
948 |a cataloged  |b h  |c 2008/9/2  |d c  |e jgreene  |f 10:11:35 am 
994 |a C0  |b TXA 
999 |a MARS 
999 f f |s ad5e5c8c-aaf2-3e72-82c9-0e90bd4492ba  |i d3c40823-fd86-336a-b762-8bd0f95d8ac4  |t 0 
952 f f |p noncirc  |a Texas A&M University  |b College Station  |c Cushing Memorial Library & Archives  |d Cushing: Kelsey Americana (Does not check out)  |t 0  |e N7665 .W542 1980  |h Library of Congress classification  |i unmediated -- volume 
998 f f |a N7665 .W542 1980  |t 0  |l Cushing: Kelsey Americana (Does not check out)